| 000 | 01684cam a2200133 4500500 | ||
|---|---|---|---|
| 005 | 20251012002045.0 | ||
| 041 | _afre | ||
| 042 | _adc | ||
| 100 | 1 | 0 |
_aDubet, François _eauthor |
| 245 | 0 | 0 | _aDites-nous, François Dubet, à quoi sert vraiment un sociologue ? |
| 260 |
_bArmand Colin,
_c2011. |
||
| 520 | _aÀ quoi sert vraiment un sociologue ? Producteur de savoir, le sociologue peut-il se soumettre à un principe d’utilité ? Est-il contestataire, idéologue, expert… ? Si prompt à se demander à quoi servent les autres, le sociologue s’est-il lui-même posé la question ?Observateur aguerri des grandes questions sociales (école, mouvements sociaux, banlieue, justice), François Dubet nous invite à partager son regard de sociologue.Sans héroïsme ni forfanterie, le sociologue contemporain peut apparaître sous les traits modestes d’un acteur de terrain, se confrontant à la prose du monde, proposant à la société ses services, enquêtant, vérifiant, conseillant souvent, critiquant parfois. Mais lorsque les mythes religieux et les contrats sociaux ne suffisent plus à expliquer comment tiennent, se forment et se transforment les sociétés, le sociologue peut aussi répondre au besoin des sociétés modernes de se connaître et d’agir sur elles-mêmes.Ni apologiste, ni pessimiste, François Dubet lève le voile sur la suspicion dont on voudrait frapper la sociologie et nous livre un témoignage de l’intérieur, au-delà des sentiers battus. | ||
| 856 | 4 | 1 | _uhttps://shs.cairn.info/dites-nous-francois-dubet-a-quoi-sert-vraiment-un-sociologue--9782200257675?lang=fr&redirect-ssocas=7080 |
| 999 |
_c1512888 _d1512888 |
||